| 000 | 01070cam a22003257a 4500 | ||
|---|---|---|---|
| 008 | |||
| 020 | _a9781846193651 (pbk.) | ||
| 049 | _aMAIN | ||
| 090 |
_aR727.3 _bSIL |
||
| 100 | 1 | _aSilverman, Jonathan. | |
| 245 | 1 | 0 |
_aSkills for communicating with patients / _cJonathan Silverman, Suzanne Kurtz, and Juliet Draper ; forewords by Myriam Deveugele and Anthony L. Suchman. |
| 250 | _a3rd ed. | ||
| 260 |
_aBoca Raton : _bCRC Press, _cc2013. |
||
| 300 |
_axviii, 305 p. : _bill. ; _c25 cm. |
||
| 500 | _aIncludes index. | ||
| 504 | _aIncludes bibliographical references. | ||
| 650 | 0 | _aMedical personnel and patient. | |
| 650 | 0 | _aPhysician and patient. | |
| 650 | 0 | _aInterpersonal communication. | |
| 650 | 0 | _aCommunication in medicine. | |
| 650 | 1 | 2 | _aCommunication. |
| 650 | 1 | 2 | _aPhysician-Patient Relations. |
| 700 | 1 | _aKurtz, Suzanne M. | |
| 700 | 1 | _aDraper, Juliet. | |
| 907 |
_a.b10386841 _b16-11-17 _c15-11-17 |
||
| 003 | |||
| 005 | 20230120204225.0 | ||
| 040 | _cNUST | ||
| 942 |
_cBOOKS _kR727.3 _mSIL |
||
| 999 |
_c119378 _d119378 |
||